| 000 | 00563nam a2200193Ia 4500 | ||
|---|---|---|---|
| 005 | 20250508163408.0 | ||
| 008 | 008 250505s9999 xx 000 0 eng d | ||
| 020 | _a81-208-0030-3 | ||
| 037 | _aTextual | ||
| 040 |
_aFEDL _beng _cFEDL |
||
| 041 |
_aeng _2eng |
||
| 084 |
_a294.3, MOR _qFEDL |
||
| 100 |
_aMorgan Kenneth W. Ed. _976539 |
||
| 245 | 0 | _aPath of the Buddha : Buddhism interpreted by Bhddhists | |
| 260 |
_aDelhi, India _bMotilal Banarsi Dass _c1956 |
||
| 300 | _ax,432p. | ||
| 942 |
_cTEXL _h294.3, MOR |
||
| 999 |
_c1382803 _d1382803 |
||